| 000 | 00629cam a2200145 4500500 | ||
|---|---|---|---|
| 005 | 20260208010859.0 | ||
| 041 | _afre | ||
| 042 | _adc | ||
| 100 | 1 | 0 |
_aVerdeau, Patricia _eauthor |
| 245 | 0 | 0 | _aSouleymane Bachir Diagne, Bergson postcolonial. L’élan vital dans la pensée de Léopold Sédar Senghor et de Mohamed Iqbal, Paris, CNRS Éditions, 2011, 128 p., 8 €. |
| 260 | _c2015. | ||
| 500 | _a1 | ||
| 786 | 0 | _nRevue philosophique de la France et de l'étranger | 140 | 3 | 2015-08-27 | p. 375a-426a | 0035-3833 | |
| 856 | 4 | 1 | _uhttps://shs.cairn.info/revue-philosophique-2015-3-page-375a?lang=fr&redirect-ssocas=7080 |
| 999 |
_c1658658 _d1658658 |
||